000 01277cam a22001934a 4500
005 20250605164045.0
008 250528s ||||||||||||||||||||||||d
035 _a17105
020 _a521457157
040 _aGR-AtMCL
_bgre
_dGR-AtMCL
_eAACR2
245 1 _aThe Transformation of European Social Democracy
260 _bCambridge University Press,
_c1994
300 _a348
520 _aThis book explains the contrasting strategies and differing electrical fortunes of social democratic parties in the major European democracies in the 1970s and 1980s. List of Tables and Figures, Preface, Glossary of Political Parties by Country, Introduction, Social Structures and Collective Preference Formation: Opportunities for Left Party Strategy in the 1970s and 1980s, Class Structure and Left Party Performance, Political Economy and Left Party Fortunes, Social Democratic Strategy and Electrical Competition, Internal Politics in Socialist Parties: Preference Formation and Aggregation and Strategic Choice, The Socialist Discourse: Political Semantics and Party Strategy, Social Democracy in Decline? Analytical and Normative Extensions of the Argument, References, Index.
700 1 _aKitschelt Herbert
_93244
942 _cBK
999 _c2545
_d2545